| 000 | 00587nam a2200205 i 4500 | ||
|---|---|---|---|
| 001 | 85601 | ||
| 003 | ES-MaACL | ||
| 007 | t| | ||
| 008 | 041129s1983 sp ||||1| spa d | ||
| 020 | _a84-85887-16-6 | ||
| 100 | 1 |
_aJutglar, Antoni. _967368 |
|
| 245 | 1 | 3 |
_aLa España que no pudo ser / _cAntoni Jutglar. |
| 250 | _a1ª ed. corr. y amp. | ||
| 260 |
_aBarcelona : _bAnthropos, _c1983. |
||
| 300 |
_a230 p. ; _c20 cm. |
||
| 490 | 1 |
_aHistoria, ideas y textos ; _v3 |
|
| 830 | 0 |
_aHistoria, ideas y textos ; _v3 _9177280 |
|
| 852 |
_aES-MaACL _jG-1585 _bR.114770 |
||
| 999 |
_c85601 _d85601 |
||